000 00749nam a2200205Ia 4500
999 _c64358
_d64358
005 20240530110727.0
008 140319s1962 ua af b 000 0 ara d
017 _bمصر. دار الكتب
040 _aGCL /
_cGCL
082 0 4 _a026.21/
_bع م
_221
100 0 _aعبداللطيف ابراهيم
245 1 0 _aدراسات فى الكتب والمكتبات الاسلامية /
_cعبداللطيف ابراهيم
260 _aالقاهرة :
_b[ د.ن ]،
_c1962.
300 _aمتعدد :
_bايض ؛
_c24 سم.
504 _aيشتمل على ارجاعات ببليوجرافية
650 0 4 _aالتاريخ الاسلامى
_2qrmak
650 0 4 _aالمكتبات الاسلامية
_2qrmak
651 _2qrmak
942 _2ddc
_cBK